000 01096nam0a22002411i 4500
001 rc\1078091
005 20240726055731.0
035 _a(NLR Aleph) 006326754
090 _a7502854
_c7502854
100 _a20041126d1984 u |0rusy50 ca
101 0 _arus
102 _aRU
105 _aa |||||||||
200 1 _aПримеси газов в кристаллах минералов и других твердых телах
_e(Их способы извлечения, состав, формы нахождения и влияние на свойства веществ)
_eАвтореф. дис. на соиск. учен. степ. канд. техн. наук
_e(04.00.02)
210 _aЛьвов
_d1984
215 _a19 с.
_cсхем.
300 _aВ надзаг.: АН УССР, Ин-т геологии и геохимии горючих ископаемых
320 _aБиблиогр.: с. 17-19 (26 назв.)
700 1 _aСворень
_bИ.М.
_gИосиф Михайлович
801 0 _aRU
_bNLR
_gpsbo
801 1 _aRU
_bELAR
_2rusmarc
852 _aNLR
_j85-4/15611
942 _cBOOK